[Event "Staufer op 34th"]
[Site "Schwaebisch Gmuend"]
[Date "2024.01.06"]
[Round "9"]
[White "Heinemann, Josefine"]
[Black "Gustain, Marc"]
[Result "1-0"]
[WhiteElo "2361"]
[BlackElo "2119"]
[PlyCount "39"]
[EventDate "2024.01.02"]
[EventType "swiss"]
[EventRounds "9"]
[EventCountry "GER"]
[SourceTitle "CB02_2024"]
[SourceDate "2024.01.10"]
[SourceVersion "1"]
[SourceVersionDate "2024.01.10"]
[SourceQuality "1"]

1. e4 d5 2. exd5 Qxd5 3. Nc3 Qd8 4. d4 Nf6 5. Nf3 Bg4 6. h3 Bxf3 7. Qxf3 c6 8. g4 Qxd4 9. Be3 Qd8 10. g5 Nd5 11. 0-0-0 e6 12. Nxd5 cxd5 13. c4 Qc7 14. Kb1 dxc4 15. Qe4 Nc6 16. Bxc4 Qe5 17. Qxe5 Nxe5 18. Bb5+ Nc6 19. Rc1 Be7 20. Rxc6 1-0

[Event "Staufer op 34th"]
[Site "Schwaebisch Gmuend"]
[Date "2024.01.04"]
[Round "6"]
[White "Gustain, Marc"]
[Black "Wenninger, Philipp"]
[Result "1/2-1/2"]
[WhiteElo "2119"]
[BlackElo "2372"]
[PlyCount "34"]
[EventDate "2024.01.02"]
[EventType "swiss"]
[EventRounds "9"]
[EventCountry "GER"]
[SourceTitle "CB02_2024"]
[SourceDate "2024.01.10"]
[SourceVersion "1"]
[SourceVersionDate "2024.01.10"]
[SourceQuality "1"]

1. e4 c6 2. d4 d5 3. e5 c5 4. dxc5 e6 5. a3 Bxc5 6. b4 Bb6 7. Bb2 Ne7 8. Nf3 Nbc6 9. Bd3 Ng6 10. 0-0 Nf4 11. Re1 Nxd3 12. Qxd3 Bd7 13. Nbd2 0-0 14. c4 Ne7 15. c5 Bc7 16. Nd4 b6 17. N2b3 a5 1/2-1/2

[Event "Oberliga Wuerttemberg 2122"]
[Site "Wuerttemberg"]
[Date "2021.09.19"]
[Round "1.3"]
[White "Gustain, Marc"]
[Black "Degenhard, Simon"]
[Result "1/2-1/2"]
[WhiteElo "2187"]
[BlackElo "2234"]
[PlyCount "52"]
[EventDate "2021.09.19"]
[EventType "team-tourn"]
[EventRounds "9"]
[EventCountry "GER"]
[SourceTitle "EXT 2023"]
[Source "ChessBase"]
[SourceDate "2022.10.05"]
[SourceVersion "1"]
[SourceVersionDate "2022.10.05"]
[SourceQuality "1"]
[WhiteTeam "Deizisau II"]
[BlackTeam "Heilbronn"]
[WhiteTeamCountry "GER"]
[BlackTeamCountry "GER"]

1. e4 e5 2. Nf3 Nc6 3. Nc3 Nf6 4. d4 exd4 5. Nxd4 Bb4 6. Nxc6 bxc6 7. Bd3 d5 8. exd5 0-0 9. 0-0 cxd5 10. Bg5 c6 11. Qf3 Rb8 12. Bxf6 Qxf6 13. Qxf6 gxf6 14. Ne2 Bd6 15. b3 Re8 16. Ng3 Bd7 17. Nf5 Bxf5 18. Bxf5 Re5 19. Bd3 Rbe8 20. g3 h6 21. Kg2 Kf8 22. Rfd1 Bb4 23. Bf1 R8e7 24. Rd3 Re1 25. Rxe1 Rxe1 26. Rf3 Kg7 1/2-1/2

[Event "GER-ch Net blitz qual4"]
[Site "Playchess.com INT"]
[Date "2021.05.10"]
[Round "9"]
[White "Fabregas, Oliver"]
[Black "Gustain, Marc"]
[Result "0-1"]
[WhiteElo "1809"]
[BlackElo "1954"]
[PlyCount "166"]
[EventDate "2021.05.10"]
[EventType "swiss (blitz)"]
[EventRounds "11"]
[EventCountry "GER"]
[SourceTitle "CBM 202 Extra"]
[Source "ChessBase"]
[SourceDate "2021.07.31"]
[SourceVersion "1"]
[SourceVersionDate "2021.07.31"]
[SourceQuality "1"]

1. Nf3 d5 2. g3 Nf6 3. Bg2 c5 4. d3 Nc6 5. 0-0 Bg4 6. h3 Bh5 7. Nbd2 e6 8. Qe1 Bd6 9. e4 dxe4 10. dxe4 Bc7 11. c3 0-0 12. Qe3 Qe7 13. a4 Rfd8 14. Nc4 b6 15. b3 Bxf3 16. Bxf3 Ne5 17. Nxe5 Bxe5 18. Bb2 Rd7 19. Rad1 Rad8 20. Rxd7 Rxd7 21. Rd1 h6 22. Kg2 Rxd1 23. Bxd1 Qd8 24. Bc2 Nd7 25. f4 Bf6 26. e5 Be7 27. Qd3 g6 28. h4 h5 29. c4 Nb8 30. Kf3 Qxd3+ 31. Bxd3 Nc6 32. Bc3 Kf8 33. Be4 Nd4+ 34. Bxd4 cxd4 35. Bd3 Bb4 36. Ke2 Ke7 37. Be4 Kd7 38. Bf3 Bc3 39. g4 hxg4 40. Bxg4 Ke7 41. h5 gxh5 42. Bxh5 f6 43. Kd3 f5 44. Bf3 Kd7 45. Bg2 Bb2 46. Kc2 Bc3 47. Kd3 Kc7 48. b4 Bxb4 49. Kxd4 Bd2 50. c5 bxc5+ 51. Kxc5 Be3+ 52. Kc4 Bxf4 53. Kd4 Kb6 54. Bf1 Kc7 55. Bc4 Kd7 56. Bb5+ Ke7 57. a5 Bg3 58. a6 Bf2+ 59. Kd3 Bc5 60. Kc4 Ba3 61. Kb3 Bc1 62. Kc4 Bb2 63. Bc6 Bxe5 64. Kd3 Kd6 65. Bb7 Bb2 66. Ke3 Ke5 67. Kf3 Bd4 68. Ba8 Bc5 69. Bb7 Kf6 70. Bc6 e5 71. Bb7 e4+ 72. Kf4 Bd6+ 73. Ke3 Ke5 74. Bc6 f4+ 75. Ke2 Kd4 76. Kf2 f3 77. Bb7 Bc5 78. Ba8 Kd3+ 79. Kf1 Ke3 80. Ke1 Kf4 81. Kf1 e3 82. Ke1 Bb6 83. Kf1 e2+ 0-1

[Event "GER-ch Net blitz qual4"]
[Site "Playchess.com INT"]
[Date "2021.05.10"]
[Round "4"]
[White "Gustain, Marc"]
[Black "Schenk, Michael"]
[Result "1-0"]
[WhiteElo "1954"]
[BlackElo "1451"]
[PlyCount "57"]
[EventDate "2021.05.10"]
[EventType "swiss (blitz)"]
[EventRounds "11"]
[EventCountry "GER"]
[SourceTitle "CBM 202 Extra"]
[Source "ChessBase"]
[SourceDate "2021.07.31"]
[SourceVersion "1"]
[SourceVersionDate "2021.07.31"]
[SourceQuality "1"]

1. d4 Nf6 2. Nf3 d5 3. c4 e6 4. Nc3 c5 5. cxd5 exd5 6. Bg5 h6 7. Bh4 Be7 8. e3 0-0 9. dxc5 Bxc5 10. Be2 Bg4 11. 0-0 Nc6 12. Bxf6 Qxf6 13. Qxd5 Bb6 14. Qc4 Be6 15. Qh4 Qxh4 16. Nxh4 Rad8 17. Rfd1 g5 18. Nf3 Bg4 19. h3 Bh5 20. a3 Rfe8 21. Nd5 Ne5 22. Nf6+ Kf8 23. Nxh5 f5 24. Nxe5 Rxe5 25. Rxd8+ Bxd8 26. Rd1 Bb6 27. Nf6 Kf7 28. Nd7 Rb5 29. Bxb5 1-0

[Event "GER-ch Net blitz qual2"]
[Site "Playchess.com INT"]
[Date "2021.05.04"]
[Round "9"]
[White "Gustain, Marc"]
[Black "Zhou, Lepu Coco"]
[Result "1-0"]
[WhiteElo "1958"]
[BlackElo "1707"]
[PlyCount "43"]
[EventDate "2021.05.04"]
[EventType "swiss (blitz)"]
[EventRounds "11"]
[EventCountry "GER"]
[SourceTitle "CBM 202 Extra"]
[Source "ChessBase"]
[SourceDate "2021.07.31"]
[SourceVersion "1"]
[SourceVersionDate "2021.07.31"]
[SourceQuality "1"]

1. d4 Nf6 2. Nf3 g6 3. Nbd2 Bg7 4. e4 d6 5. Bb5+ c6 6. Bd3 0-0 7. 0-0 b5 8. Re1 Na6 9. a3 Qb6 10. Nb3 c5 11. dxc5 dxc5 12. c4 bxc4 13. Bxc4 Bb7 14. e5 Rfd8 15. Qc2 Nd5 16. Bg5 h6 17. Bd2 Rac8 18. Ba5 Qc6 19. Bxd8 Rxd8 20. Rad1 g5 21. h3 Rc8 22. Bxd5 1-0

[Event "GER-ch Net blitz qual2"]
[Site "Playchess.com INT"]
[Date "2021.05.04"]
[Round "11"]
[White "Mittag, Ralf"]
[Black "Gustain, Marc"]
[Result "1-0"]
[WhiteElo "2049"]
[BlackElo "1958"]
[PlyCount "65"]
[EventDate "2021.05.04"]
[EventType "swiss (blitz)"]
[EventRounds "11"]
[EventCountry "GER"]
[SourceTitle "CBM 202 Extra"]
[Source "ChessBase"]
[SourceDate "2021.07.31"]
[SourceVersion "1"]
[SourceVersionDate "2021.07.31"]
[SourceQuality "1"]

1. e4 d5 2. exd5 Qxd5 3. Nc3 Qd8 4. d4 Nf6 5. Nf3 Bg4 6. Be2 e6 7. 0-0 c6 8. Bg5 Be7 9. h3 Bh5 10. Qd2 Nbd7 11. Rad1 0-0 12. Rfe1 Qa5 13. Ne5 Bxe2 14. Rxe2 Bb4 15. Nxd7 Nxd7 16. a3 Bxc3 17. bxc3 Qxa3 18. Re3 Qd6 19. Rg3 f5 20. Bf4 Qe7 21. Re1 Nf6 22. Be5 g6 23. Qg5 Qf7 24. f3 a5 25. h4 a4 26. h5 a3 27. hxg6 hxg6 28. Qh6 Qh7 29. Rxg6+ Kh8 30. Qg5 a2 31. Bxf6+ Rxf6 32. Qxf6+ Qg7 33. Qxg7# 1-0

[Event "GER-ch Net blitz qual1"]
[Site "Playchess.com INT"]
[Date "2021.04.24"]
[Round "10"]
[White "Foerster, Erik"]
[Black "Gustain, Marc"]
[Result "1/2-1/2"]
[WhiteElo "2304"]
[BlackElo "1906"]
[PlyCount "118"]
[EventDate "2021.04.24"]
[EventType "swiss (blitz)"]
[EventRounds "11"]
[EventCountry "GER"]
[SourceTitle "CBM 202 Extra"]
[Source "ChessBase"]
[SourceDate "2021.07.31"]
[SourceVersion "1"]
[SourceVersionDate "2021.07.31"]
[SourceQuality "1"]

1. d4 d5 2. Nf3 Nf6 3. g3 c5 4. Bg2 cxd4 5. 0-0 Bd7 6. b3 Bc6 7. Bb2 e6 8. Nxd4 Be7 9. Nd2 0-0 10. N2f3 Nbd7 11. c4 dxc4 12. Nxc6 bxc6 13. bxc4 Rb8 14. Rb1 Qa5 15. Bxf6 Nxf6 16. Qc2 h6 17. Nd4 Rxb1 18. Rxb1 c5 19. Nc6 Qc7 20. Qa4 a5 21. Qxa5 Qxa5 22. Nxa5 Ng4 23. Rb7 Bf6 24. Nb3 Rd8 25. Bf3 Ne5 26. Nxc5 Nxf3+ 27. exf3 Rd2 28. a4 Rc2 29. a5 Bd4 30. Nb3 Bxf2+ 31. Kf1 Be3 32. a6 Rxc4 33. a7 Bxa7 34. Rxa7 Rc3 35. Nd4 Rd3 36. Ra4 e5 37. Ne2 Rxf3+ 38. Kg2 Rb3 39. Re4 f6 40. Kf2 Kf7 41. Re3 Rb2 42. Kf1 Rb1+ 43. Kf2 Rb2 44. Ra3 h5 45. Kf3 Kg6 46. h4 Kf5 47. Ra4 Rb3+ 48. Kf2 Rb2 49. Rc4 g5 50. hxg5 fxg5 51. Rc3 h4 52. Rf3+ Kg4 53. gxh4 gxh4 54. Rf8 h3 55. Rg8+ Kh4 56. Rh8+ Kg4 57. Rg8+ Kh4 58. Kf3 Rb3+ 59. Kf2 Rb2 1/2-1/2

[Event "GER-ch Net blitz qual1"]
[Site "Playchess.com INT"]
[Date "2021.04.24"]
[Round "11"]
[White "Gustain, Marc"]
[Black "Schulz, Karsten"]
[Result "0-1"]
[WhiteElo "1906"]
[BlackElo "2343"]
[PlyCount "80"]
[EventDate "2021.04.24"]
[EventType "swiss (blitz)"]
[EventRounds "11"]
[EventCountry "GER"]
[SourceTitle "CBM 202 Extra"]
[Source "ChessBase"]
[SourceDate "2021.07.31"]
[SourceVersion "1"]
[SourceVersionDate "2021.07.31"]
[SourceQuality "1"]

1. e4 g6 2. d4 Bg7 3. Nf3 d6 4. Bc4 Nf6 5. Qe2 0-0 6. e5 Ne8 7. 0-0 Bg4 8. Nbd2 Nc6 9. Qe4 Bf5 10. Qf4 Bxc2 11. Ng5 e6 12. Qh4 h6 13. Ndf3 Na5 14. Bb5 a6 15. Be2 Ba4 16. Bd2 b6 17. d5 exd5 18. Qxa4 hxg5 19. Bxa5 dxe5 20. Bb4 c5 21. Bd2 f6 22. b4 c4 23. Be3 b5 24. Qc2 Kf7 25. Rad1 d4 26. Bc1 Qe7 27. Qe4 Rd8 28. a4 Qe6 29. axb5 axb5 30. Qb7+ Rd7 31. Qxb5 Nd6 32. Qa4 Rb8 33. Ba3 c3 34. Ne1 Nc4 35. Bxc4 Qxc4 36. Qxd7+ Kg8 37. Nd3 c2 38. Rc1 Qxd3 39. Qe6+ Kh8 40. Qc4 Qxc4 0-1

[Event "GER-ch Net blitz qual1"]
[Site "Playchess.com INT"]
[Date "2021.04.24"]
[Round "3"]
[White "Koelle, Tobias"]
[Black "Gustain, Marc"]
[Result "1-0"]
[WhiteElo "2274"]
[BlackElo "1906"]
[PlyCount "61"]
[EventDate "2021.04.24"]
[EventType "swiss (blitz)"]
[EventRounds "11"]
[EventCountry "GER"]
[SourceTitle "CBM 202 Extra"]
[Source "ChessBase"]
[SourceDate "2021.07.31"]
[SourceVersion "1"]
[SourceVersionDate "2021.07.31"]
[SourceQuality "1"]

1. d4 d5 2. c4 c6 3. cxd5 cxd5 4. Bg5 Qb6 5. Nc3 e6 6. Qd2 Be7 7. Bxe7 Nxe7 8. e3 Bd7 9. Bd3 Nbc6 10. Rc1 0-0 11. Nf3 h6 12. 0-0 Rfc8 13. Bb1 a6 14. Qd3 g6 15. e4 Nb4 16. Qe3 Kg7 17. Ne5 Qd8 18. Qf4 Be8 19. Ng4 Ng8 20. a3 Nc6 21. exd5 exd5 22. Rcd1 h5 23. Ne5 Nxe5 24. dxe5 Bc6 25. Ne4 Qe7 26. Ng5 Bb5 27. Rfe1 Rc4 28. Qd2 Rd8 29. h3 Nh6 30. e6 f5 31. b3 1-0

[Event "GER-ch"]
[Site "Magdeburg"]
[Date "2020.08.20"]
[Round "7"]
[White "Bastian, Herbert"]
[Black "Gustain, Marc"]
[Result "1-0"]
[WhiteElo "2272"]
[BlackElo "2173"]
[PlyCount "67"]
[EventDate "2020.08.16"]
[EventType "swiss"]
[EventRounds "9"]
[EventCountry "GER"]
[SourceTitle "CBM 197 Extra"]
[Source "ChessBase"]
[SourceDate "2020.09.30"]
[SourceVersion "1"]
[SourceVersionDate "2020.09.30"]
[SourceQuality "1"]

1. e4 d5 2. exd5 Qxd5 3. Nc3 Qd8 4. d4 Nf6 5. Be2 Bf5 6. Be3 e6 7. Nf3 c6 8. Nh4 Bg6 9. Nxg6 hxg6 10. Qd3 Bb4 11. 0-0-0 Qa5 12. Kb1 Nbd7 13. Ne4 Nxe4 14. Qxe4 Nf6 15. Qd3 Nd5 16. c4 Nxe3 17. fxe3 Be7 18. Bf3 0-0-0 19. Qb3 Qb4 20. Qc2 Kb8 21. Rd3 Qd6 22. h3 e5 23. Rhd1 f5 24. Rb3 exd4 25. exd4 Bf6 26. c5 Qc7 27. d5 cxd5 28. Bxd5 b6 29. Qf2 Qe5 30. cxb6 Rxd5 31. bxa7+ Ka8 32. Qf3 Rhd8 33. Rb5 Qe2 34. Rdxd5 1-0

[Event "GER-ch"]
[Site "Magdeburg"]
[Date "2020.08.18"]
[Round "3"]
[White "Nguyen, Alex Dac Vuong"]
[Black "Gustain, Marc"]
[Result "1/2-1/2"]
[WhiteElo "2366"]
[BlackElo "2173"]
[PlyCount "62"]
[EventDate "2020.08.16"]
[EventType "swiss"]
[EventRounds "9"]
[EventCountry "GER"]
[SourceTitle "CBM 197 Extra"]
[Source "ChessBase"]
[SourceDate "2020.09.30"]
[SourceVersion "1"]
[SourceVersionDate "2020.09.30"]
[SourceQuality "1"]

1. e4 d5 2. exd5 Qxd5 3. d4 Nc6 4. Nf3 Bg4 5. Be2 0-0-0 6. Be3 e5 7. dxe5 Qxd1+ 8. Bxd1 Nxe5 9. Nbd2 Nxf3+ 10. Nxf3 Ne7 11. h3 Bh5 12. c4 Nc6 13. 0-0 Be7 14. Nd4 Nxd4 15. Bxh5 Nc2 16. Rad1 Nxe3 17. fxe3 f6 18. Bg4+ Kb8 19. Rxd8+ Rxd8 20. Rd1 Rxd1+ 21. Bxd1 c6 22. Kf2 Kc7 23. Kf3 Kd6 24. Ke4 g6 25. Kd4 c5+ 26. Kd3 Bf8 27. Bf3 b6 28. Bd1 Bh6 29. Bf3 Bf8 30. Bd1 Bh6 31. Bf3 Bf8 1/2-1/2

[Event "Deizisau Autumn op 14th"]
[Site "Deizisau"]
[Date "2019.10.27"]
[Round "4"]
[White "Doering, Stefan"]
[Black "Gustain, Marc"]
[Result "1/2-1/2"]
[WhiteElo "2025"]
[BlackElo "2179"]
[PlyCount "90"]
[EventDate "2019.10.25"]
[EventType "swiss"]
[EventRounds "7"]
[EventCountry "GER"]
[SourceTitle "CBM 192 Extra"]
[Source "Chessbase"]
[SourceDate "2019.11.06"]
[SourceVersion "1"]
[SourceVersionDate "2019.11.06"]
[SourceQuality "1"]

1. e4 c5 2. Nf3 a6 3. c4 d6 4. d4 Bg4 5. dxc5 Bxf3 6. Qxf3 dxc5 7. Qb3 Qc8 8. Nc3 e6 9. Be3 Nf6 10. f3 Be7 11. Bd3 Nc6 12. Na4 Nd7 13. Nb6 Nxb6 14. Qxb6 Ne5 15. Be2 0-0 16. Rd1 Nd7 17. Qb3 Qc7 18. 0-0 Rad8 19. f4 Nb8 20. Bf3 Nc6 21. e5 g6 22. Bf2 h6 23. Be4 Kg7 24. Kh1 Rxd1 25. Rxd1 Rd8 26. Rxd8 Nxd8 27. Qd3 Nc6 28. h3 Nb4 29. Qb3 Qd7 30. a3 Nc6 31. Qd3 Qxd3 32. Bxd3 b6 33. Be4 Na5 34. Bd3 f6 35. Be1 fxe5 36. Bxa5 bxa5 37. fxe5 Bg5 38. a4 Bf4 39. b3 Bxe5 40. Kg1 Bd4+ 41. Kf1 Kf6 42. Ke2 g5 43. Be4 Ke5 44. Bf3 Kf4 45. Kd3 e5 1/2-1/2

[Event "Deizisau Autumn op 14th"]
[Site "Deizisau"]
[Date "2019.10.25"]
[Round "1"]
[White "Gustain, Marc"]
[Black "Kilinc, Can"]
[Result "1-0"]
[WhiteElo "2179"]
[BlackElo "1825"]
[PlyCount "95"]
[EventDate "2019.10.25"]
[EventType "swiss"]
[EventRounds "7"]
[EventCountry "GER"]
[SourceTitle "CBM 192 Extra"]
[Source "Chessbase"]
[SourceDate "2019.11.06"]
[SourceVersion "1"]
[SourceVersionDate "2019.11.06"]
[SourceQuality "1"]

1. e4 e5 2. Bc4 Nf6 3. d4 exd4 4. Nf3 Bb4+ 5. c3 dxc3 6. bxc3 d5 7. exd5 Bd6 8. 0-0 0-0 9. Bg5 h6 10. Bh4 Nbd7 11. Bb3 g5 12. Bg3 Bxg3 13. fxg3 Nc5 14. c4 Bg4 15. Nc3 Bh5 16. Qd4 Nfd7 17. Bc2 Qf6 18. Qxf6 Nxf6 19. Nxg5 Nfd7 20. Nf3 Bg6 21. Bxg6 fxg6 22. Nb5 c6 23. dxc6 bxc6 24. Nbd4 Rf6 25. Rfe1 Kf7 26. Ne5+ Nxe5 27. Rxe5 Nd7 28. Ra5 c5 29. Nf3 Rc6 30. Rd1 Rc7 31. Rxd7+ Rxd7 32. Ne5+ Ke6 33. Nxd7 Kxd7 34. Rxc5 Rb8 35. Ra5 Rb2 36. Rxa7+ Ke6 37. Ra5 Rc2 38. c5 h5 39. h3 Kd7 40. a4 Kc7 41. Rb5 Ra2 42. a5 Kd7 43. Rb7+ Kc8 44. Rg7 Rxa5 45. Rxg6 Rxc5 46. g4 hxg4 47. Rxg4 Kd7 48. Re4 1-0

[Event "Wuerttemberg IM"]
[Site "Weissach"]
[Date "2019.08.30"]
[Round "7"]
[White "Romanov, Evgeny"]
[Black "Gustain, Marc"]
[Result "1-0"]
[WhiteElo "2579"]
[BlackElo "2165"]
[PlyCount "77"]
[EventDate "2019.08.26"]
[EventType "tourn"]
[EventRounds "9"]
[EventCountry "GER"]
[EventCategory "6"]
[SourceTitle "EXT 2020"]
[Source "ChessBase"]
[SourceDate "2019.10.17"]
[SourceVersion "1"]
[SourceVersionDate "2019.10.17"]
[SourceQuality "1"]

1. c4 e5 2. g3 Nc6 3. Bg2 f5 4. Nc3 Nf6 5. d3 Bb4 6. Bd2 0-0 7. e3 Bxc3 8. Bxc3 d6 9. Nf3 Qe8 10. 0-0 Qh5 11. Nh4 Qxd1 12. Raxd1 f4 13. exf4 exf4 14. Nf3 Bg4 15. h3 Bd7 16. g4 h6 17. b4 Rae8 18. b5 Nd8 19. Nd4 c5 20. bxc6 bxc6 21. Rfe1 Rxe1+ 22. Rxe1 Kf7 23. Rb1 Re8 24. Rb8 c5 25. Nf5 Bxf5 26. gxf5 Nd7 27. Ra8 Ne5 28. Bd5+ Kf6 29. Ba5 Ke7 30. Rxa7+ Kf6 31. Ra8 Ke7 32. Bc3 Rf8 33. Ra7+ Ke8 34. Bxe5 dxe5 35. a4 Rxf5 36. a5 Rf6 37. a6 Rg6+ 38. Kh1 Ne6 39. Rb7 1-0

[Event "Wuerttemberg IM"]
[Site "Weissach"]
[Date "2019.08.29"]
[Round "5"]
[White "Wirig, Anthony"]
[Black "Gustain, Marc"]
[Result "1-0"]
[WhiteElo "2503"]
[BlackElo "2165"]
[PlyCount "131"]
[EventDate "2019.08.26"]
[EventType "tourn"]
[EventRounds "9"]
[EventCountry "GER"]
[EventCategory "6"]
[SourceTitle "EXT 2020"]
[Source "ChessBase"]
[SourceDate "2019.10.17"]
[SourceVersion "1"]
[SourceVersionDate "2019.10.17"]
[SourceQuality "1"]

1. e4 d5 2. exd5 Qxd5 3. Nc3 Qd8 4. d4 Nf6 5. Bf4 c6 6. Qd2 Bf5 7. Nf3 e6 8. a3 Nbd7 9. Be2 Be7 10. 0-0 0-0 11. h3 Nd5 12. Bh2 N7f6 13. Nd1 Ne4 14. Qe1 Ng5 15. c4 Nxf3+ 16. Bxf3 Nb6 17. c5 Nd5 18. Bxd5 exd5 19. Qd2 Re8 20. Ne3 Bg6 21. Ng4 Bf5 22. Ne5 Bf6 23. Rfe1 Bxe5 24. Bxe5 Qd7 25. g4 Bg6 26. f3 f6 27. Bd6 Rxe1+ 28. Rxe1 Re8 29. Ra1 h5 30. Kf2 Kf7 31. Rg1 Qe6 32. Bf4 Bh7 33. Bd6 Bg6 34. Rc1 Bh7 35. Rc3 Bb1 36. Bf4 Qd7 37. Qd1 Bg6 38. Qa4 a6 39. Qd1 hxg4 40. hxg4 Qc8 41. Qd2 Re7 42. Bd6 Re6 43. Bg3 Re7 44. Rc1 Qh8 45. Bd6 Re6 46. Kg3 Qe8 47. Kf2 Qh8 48. Re1 Rxe1 49. Qxe1 Qe8 50. Qb4 Qc8 51. Ke3 Bb1 52. Kd2 g5 53. Qb6 Bg6 54. Qb3 Qd7 55. Kc3 f5 56. gxf5 Bxf5 57. Kb4 b6 58. Qe3 a5+ 59. Kc3 bxc5 60. Bxc5 Kg6 61. Be7 g4 62. Qg5+ Kh7 63. Qh4+ Kg6 64. Qf6+ Kh7 65. Qf7+ Kh6 66. f4 1-0